000 00619nam a22001937a 4500
999 _c172373
_d172373
005 20200317142856.0
010 _aA-941762
020 _c60.00
_a8171600980
035 _aA-941762
037 _bBPPD/Pub.
082 _a841.092
100 _aشاہد ماہلی
245 _aمزارات غالب و زوق /
_cشاہد ماہلی
246 _aMazarat-e-Ghalib-o-Zauq (Urdu) /
_bby Shahid Mahuli
260 _aNew Delhi
_bAnjuman Taraqqi Urdu (Hind)
_c1999 ء
270 _aUrdu Ghar : 212, Rouse Avenue
_bNew Delhi
_e110002
300 _a119p.
_c20cm(Hb)
942 _2ddc
_cUR
_h841.092
_mش ا ہ